| 000 | 004560000a22001690004500 | ||
|---|---|---|---|
| 003 | MACL | ||
| 005 | 20151222115744.0 | ||
| 008 | 151222b xxu||||| |||| 00| 0 eng d | ||
| 040 |
_aMACL _cMACL |
||
| 041 | _aEnglish | ||
| 082 | _a822/BEL | ||
| 100 |
_aBelvalkar, Shripad Krishna _921741 |
||
| 245 | _aRamas Later History or Uttara Rama Charita | ||
| 260 |
_bHarvard University Press _c1915 _aEngland |
||
| 650 |
_aDrama _921742 |
||
| 942 |
_cBK _k822/BEL _2ddc |
||
| 999 |
_c39843 _d39843 |
||